| 000 | 00782cam a22002173a 4500 | ||
|---|---|---|---|
| 001 | 44019 | ||
| 003 | PGUSA | ||
| 005 | 20140828084013.0 | ||
| 008 | 131023s2013||||xxu|||||s|||||000 | eng d | ||
| 040 |
_aPGUSA _beng |
||
| 042 | _adc | ||
| 100 | 1 |
_aFrancis Hauksbee _q(the Younger) |
|
| 245 | 1 | 2 |
_aA Course of Mechanical, Magnetical, Optical, Hydrostatical and Pneumatical Experiments : _bperform'd by Francis Hauksbee, and the Explanatory Lectures read by William Whiston, M.A. _h[electronic resource] / _cFrancis Hauksbee |
| 260 |
_bProject Gutenberg, _c2013 |
||
| 506 | _aPublic domain in the USA. | ||
| 516 | _aElectronic text | ||
| 700 | 1 |
_aWhiston, William, _d1667-1752 |
|
| 830 | 0 |
_aProject Gutenberg _v44019 |
|
| 856 | 4 | 0 | _uhttp://www.gutenberg.org/ebooks/44019 |
| 942 | _cEB | ||
| 999 |
_c273270 _d273270 |
||